Jonathan Bailey Filmography - Statistics

General Stats
  • This quiz has been taken 16 times
  • The average score is 12 of 89
Answer Stats
Type Year Name % Correct
Film 2024 Wicked
100%
Web Series 2020-Present Bridgerton
92%
Film 2025 Wicked: For Good
62%
Film 2025 Jurassic World: Rebirth
46%
TV Mini-Series 2023 Fellow Travelers
38%
Web Series 2024 Heartstopper
38%
Theater 2025 Richard II
31%
TV Show 2013-2015 Broadchurch
23%
TV Show 2017 Chewing Gum
23%
TV Show 2016 Crashing
23%
TV Show 2007 Doctors
23%
TV Show 2014 Doctor Who
23%
Theater 2017 King Lear
23%
Theater 1997-1999 Les Misérables
23%
Film 2013 National Theatre Live: Othello
23%
Theater 2013 Othello
23%
Theater 1995 A Christmas Carol
15%
Theater 2013-2014 American Psycho
15%
Theater 2018-2019 Company
15%
Film 2007 Elizabeth: The Golden Age
15%
Theater 2008 Girl with a Pearl Earring
15%
TV Show 2010 Inspector Lewis
15%
TV Show 2011-2012 Leonardo
15%
TV Show 2012 Pramface
15%
TV Show 2022 RuPaul's Drag Race UK vs. the World
15%
Film 2007 St. Trinian's
15%
Film 2014 Testament of Youth
15%
TV Show 2008 The Bill
15%
Film 2018 The Mercy
15%
TV Film 2024 The Traitors: The Movie
15%
Web Series 2018 Tom Clancy's Jack Ryan
15%
TV Show 2014-2017 W1A
15%
TV Film 1998 Alice Through the Looking Glass
8%
Theater 2013 A Midsummer Night's Dream
8%
Video Game 2019 Anthem
8%
Theater 2006 Beautiful Thing
8%
Film 2021 Best Birthday Ever
8%
TV Show 1997 Bramwell
8%
TV Film 1997 Bright Hair
8%
Radio Play 2014 By a Young Officer: Churchill on the North West Frontier
8%
TV Show 2011 Campus
8%
Audiobook 2018 Cast Long Shadows
8%
Theater 2017 Certain Young Men
8%
Theater 2022 Cock
8%
Radio Play 2016 Deliverers
8%
Radio Play 2013 Ed Reardon's Week: The Intern
8%
Video Game 2015 Everybody's Gone to the Rapture
8%
TV Film 2003 Ferrari
8%
TV Film 2013 Fifty Years on Stage
8%
Video Game 2021 Final Fantasy XIV: Endwalker
8%
Video Game 2019 Final Fantasy XIV: Shadowbringers
8%
Film 2004 Five Children and It
8%
Video Game 2014 Forza Horizon 2
8%
TV Show 2012 Groove High
8%
Podcast 2020 Hell Cats
8%
Radio Series 2018 Home Front
8%
TV Mini-Series 2016 Hooten & the Lady
8%
Podcast 2021 Hot White Heist
8%
Podcast 2017 Just One Damned Thing After Another
8%
Theater 2001-2002 King John
8%
Theater 1996 Les Enfants du Paradis
8%
Radio Play 2013 Life in the Freezer
8%
Podcast 2022 Love Letter from an Englishman
8%
TV Show 2012 Me and Mrs Jones
8%
TV Show 2009 Off the Hook
8%
Film 2007 Permanent Vacation
8%
Theater 2007 Pretend You Have Big Buildings
8%
TV Show 2013 Some Girls
8%
Audiobook 2018 Somewhere Beyond the Sea
8%
Theater 2011-2012 South Downs
8%
Radio Play 2013 South Downs
8%
Video Game 2026 Squadron 42
8%
Audiobook 2019 The Flip Side
8%
Radio Play 2016 The Forsytes
8%
Theater 2012 The Golden Story
8%
Theater 2016 The Last Five Years
8%
Theater 2008-2009 The Mother Ship
8%
Radio Play 2023 The Showstopper
8%
Theater 2018 The York Realist
8%
Film 2016 The Young Messiah
8%
Film 2024 Up the Catalogue
8%
TV Film 2005 Walk Away and I Stumble
8%
TV Show 2001 Baddiel's Syndrome
0%
TV Show 2012 Blue Peter
0%
TV Special 2024 Comic Relief: Funny for Money
0%
Podcast 2017 Doctor Who: The New Adventures of Bernice Summerfield
0%
Video Game 2024 Final Fantasy XIV: Downtrail
0%
TV Mini-Series 2005 The Golden Hour
0%
Podcast 2017 The War Master
0%
No matching quizzes found
Score Distribution
Percent of People with Each Score
Percentile by Number Answered
Your Score History
You have not taken this quiz